Word Ladder: A Trio of 70's Movies Quiz Stats

 Plays Quiz Updated Oct 18, 2015

Challenge
Share
Tweet
Embed
Score 0/14 Timer 01:30
0 Plays Today
Clue 4-Letter Word % Correct
Criminals break themLAWS
95.3%
Fermented grape juiceWINE
93.3%
Lawyer's assignmentCASE
91.9%
1975 thriller by Steven Spielberg● JAWS ●
91%
Male monarch● KING ●
89.2%
Word with 'sugar' or 'candy'CANE
87.8%
Object of a lad's affectionLASS
87.4%
Clue 4-Letter Word % Correct
Component of E=mc²MASS
85.1%
Injure slightly, in a gunfightWING
83.8%
Air freshener scentPINE
81.3%
[previous rung] ____: 1976 monster remake● KONG ●
80.5%
Typically rectangular glass piecePANE
79.6%
Credit alternativeCASH
77.4%
1970 satirical war film featuring Tom Skerritt● M*A*S*H ●
72.9%

Today's Daily Dose

Word Ladder
Homophones Ate

Quick Pick
RGB Colors

On This Day
August 18th II

You're not logged in!

Compare scores with friends on all Sporcle quizzes.
Join for Free
OR
Log In

You Might Also Like...

Show Comments

Extras

Top Quizzes Today


Score Distribution

Your Account Isn't Verified!

In order to create a playlist on Sporcle, you need to verify the email address you used during registration. Go to your Sporcle Settings to finish the process.

Report this User

Report this user for behavior that violates our Community Guidelines.

Details: